Every Fortnite Mythic - Statistics

General Stats
  • This quiz has been taken 8 times
  • The average score is 68 of 237
Answer Stats
Hint Answer % Correct
Midas' Drum Gun
100%
Midas' Gilded Eye Drum Gun
100%
Midas' Modular Drum Gun
100%
Shadow Midas' Drum Gun
100%
Brutus' Minigun
86%
Jules' Drum Gun
86%
Slone's Burst Assault Rifle
86%
Super Soldier: Rank S+
86%
Enhanced Fury Assault Rifle
71%
Enhanced Havoc Shotgun
71%
Enhanced Holo Twister AR
71%
Ocean's Burst Assault Rifle
71%
Skye's Assault Rifle
71%
Snoop Dogg's Drum Gun
71%
Ares' Modular Warforged AR
57%
Boss Minigun
57%
Diamond's Thermal DMR
57%
Emma Frost's Striker Burst AR
57%
Enhanced Collateral Damage AR
57%
Enhanced Twinfire Auto Shotgun
57%
Havoc Suppressed Assault Rifle
57%
Infinity Blade
57%
Kit's Charge Shotgun
57%
Kit's Shockwave Launcher
57%
Kor's Deadeye DMR
57%
Megalo Don's Modular Combat Shotgun
57%
Meowscle's Peow Peow Rifle
57%
Modular Zeus' Huntress DMR
57%
Montague's Modular Nemesis AR
57%
Nisha's Modular Striker AR
57%
Oscar's Modular Frenzy Auto Shotgun
57%
Overclocked Pulse Rifle
57%
Rap God's Minigun
57%
Sideways Minigun
57%
Skye's Grappler
57%
The Machinist's Modular Combat AR
57%
TNTina's Ka-Boom Bow
57%
WIP Mythic Red Dot AR
57%
Ageless Champion's Shockwave Hammer
43%
Armor Of Doom
43%
Auto Shotgun
43%
Baron's Double Down Pistol
43%
Cerberus' Modular Gatekeeper Shotgun
43%
Cobra DMR
43%
Cybertron Cannon
43%
DMR
43%
Doctor Doom's Arcane Gauntlets
43%
Enhanced Assault Rifle
43%
Enhanced Oni Shotgun
43%
Enhanced Sentinel Shotgun
43%
Enhanced Spire Rifle
43%
Enhanced Surgefire SMG
43%
Enhanced Wrecker Revolver
43%
EvoChrome Burst Rifle
43%
EvoChrome Shotgun
43%
Gunnar's Stinger SMG
43%
Hades' Modular Harbinger SMG
43%
Hammer Assault Rifle
43%
Ice Spice's Grappler
43%
Modular Conductor Hand Cannon
43%
Mysterio's Sovereign Shotgun
43%
Mythic Goldfish
43%
Peter Griffin's Hammer Pump Shotgun
43%
Ranger Assault Rifle
43%
Slone's Pulse Rifle
43%
Stinger SMG
43%
Suppressed Pistol
43%
Thermal DMR
43%
Thorne's Scoped Burst SMG
43%
Valeria's Modular Hyper SMG
43%
Wingshot Grappler
43%
Ageless Champion's Ex-Caliber Rifle
29%
Blitz Boss Ninja's Blue Goo Gun
29%
Blitz Boss Ninja's Trash Launcher
29%
Blitz Boss Ninja's Viper Assault Rifle
29%
Captain America's Shield
29%
Charge SMG
29%
Chitauri Energy Launcher
29%
Chitauri Laser Rifle
29%
Combat SMG
29%
DC-15 Blaster Rifle
29%
Deadpool's Hand Cannons
29%
Deku's Smash
29%
Doctor Doom's Monarch Pistol
29%
Doctor Doom's Mystical Bomb
29%
E-11 Blaster Rifle
29%
Enhanced DL-44 Blaster Pistol
29%
Enhanced Drum Shotgun
29%
Enhanced Falcon Eye Sniper
29%
Enhanced Flapjack Rifle
29%
Enhanced Hyperburst Pistol
29%
Enhanced Infiltrator Shotgun
29%
Enhanced IQA-11 Marksman Blaster Rifle
29%
Enhanced Outlaw Shotgun
29%
Mythics First Order Blaster Rifle
29%
Hawkeye's Bow
29%
Heart's Havoc Suppressed Rifle
29%
Highcard's Havoc Suppressed Rifle
29%
High Stakes' Shotgun
29%
Hunting Rifle
29%
Huntmaster Saber's Thermal Rifle
29%
Infinity Gauntlet
29%
Inkquisitor's Suppressed SMG
29%
Iron Man's Repulsor Gauntlets
29%
Iron Man's Unibeam
29%
Jules' Glider Gun
29%
Megalo Don's Nitro Fists
29%
Meowdas' Peow Peow Rifle
29%
Modular Combat Assault Rifle
29%
Modular Monarch Pistol
29%
Modular Sovereign Shotgun
29%
Night Rose Veiled Precision SMG
29%
ODM Gear
29%
O.X.R Rifle
29%
Prime Shotgun
29%
Rapid Fire SMG
29%
Relik's MK-Seven Assault Rifle
29%
She-Hulk's Fists
29%
Shiva Shotgun
29%
Shogun X's Fire Oni Mask
29%
Slone's Striker Burst Rifle
29%
Spire Assassin's Primal Shotgun
29%
Spire Assassin's Recycler
29%
Spire Guardian's Primal Assault Rifle
29%
Striker Pump Shotgun
29%
Suppressed Submachine Gun
29%
Sweeper Shotgun
29%
Tactical Pistol
29%
The Foundation's MK-Seven
29%
The Herald's Burst Rifle
29%
Todoroki's Ice Wall
29%
Two-Shot Shotgun
29%
War Machine's Arsenal
29%
Witch Broom
29%
Airbending
14%
Amban Sniper Rifle
14%
Avengers Buried Treasure
14%
Ball Transformation
14%
Bass Boost
14%
Batman Grapnel Gun
14%
Bender's Shiny Metal Raygun
14%
Black Panther's Kinetic Armor
14%
Blitz Grapple Blade
14%
Blitz Rocket Ram
14%
Captain Phasma's F-11D Blaster
14%
Carnage Symbiote
14%
Chitauri Jetpack
14%
Darth Vader's Lightsaber
14%
Earthbending
14%
Enhanced A280-CFE Blaster Rifle
14%
Enhanced Striker Burst Rifle
14%
Explosive Repeater Rifle
14%
Firebending
14%
Groot's Bramble Shield
14%
Heavy Sniper Rifle
14%
Hollow Purple
14%
Howler Claws
14%
Ice Spice's Rifle
14%
Iron Man's Combat Kit
14%
Iron Man's Flight Kit
14%
Iron Man's Repulsors
14%
Jedi Padawan Lightsaber
14%
Jedi Training Lightsaber
14%
Kamehameha
14%
Killswitch's Revolvers
14%
Kylo Ren's Lightsaber
14%
Leadspitter 3000
14%
Lightrider's Surf Cube
14%
Lucille
14%
Luke's Blue Lightsaber
14%
Luke's Lightsaber
14%
Mace Windu's Lightsaber
14%
Mind Stone
14%
Night Rose's Void Oni Mask
14%
Obi Wan's Lightsaber
14%
Ocean's Bottomless Chug Jug
14%
Paper Bomb Kunai
14%
Power Stone
14%
Pump & Dump
14%
Reality Stone
14%
Rey's Lightsaber
14%
Ride The Lightning
14%
Ringemaster's Modular Boom Bolt
14%
Scorpion's Kombat Kit
14%
Ship In A Bottle
14%
Shockwave Grenade
14%
Sideways Rifle
14%
Sith Apprentice Lightsaber
14%
Solunar Key
14%
Soul Stone
14%
Space Stone
14%
Spire Jumpboots
14%
Storm's Whirlwind Blast
14%
Striker Burst Rifle
14%
Thorne's Vampiric Blade
14%
Thor's Mjolnir Strike
14%
Thor's Stormbreaker
14%
Thunderbolt Of Zeus
14%
Thunder Spears
14%
Time Stone
14%
Tire Transformation
14%
Typhoon Blade
14%
Venom's Smash & Grab
14%
Venom Symbiote
14%
Waterbending
14%
Wolverine's Claws
14%
Zyg and Choppy's Ray Gun
14%
Bandage Bazooka
0%
Blitz Boss Ninja's Floss Bomb
0%
Blitz Kneecapper
0%
Cardboard Box
0%
Crossbow Moonflak
0%
Donatello's Staff
0%
EMP Stealth Camo
0%
Explosive Batarang
0%
Gwenpool's Dual Micro SMGs
0%
Holiday Presents!
0%
Krypto Treat
0%
Leonardo's Katanas
0%
Michelangelo's Nunchaku
0%
Mythic Mushroom
0%
Nimbus Cloud
0%
Predator's Cloaking Device
0%
Raphael's Sai
0%
Raptor's Claw
0%
Raz's Explosive Bow
0%
Sideways Scythe
0%
Silver Surfer's Board
0%
Spider-Man's Web Shooters
0%
Spider-Verse Web Shooters
0%
Straw Doll Technique
0%
Superman Call
0%
The Mandalorian's Jetpack
0%
Victory Crown
0%
Wildguard Relik's Cloak Gauntlets
0%
Wookiee Bowcaster
0%
No matching quizzes found
Score Distribution
Percent of People with Each Score
Percentile by Number Answered
Your Score History
You have not taken this quiz